Goose or Seuss? Quiz Stats

 Plays Quiz Updated Jun 21, 2012

Challenge
Share
Tweet
Embed
Score 0/30 Timer 03:00
1 Play Today
Title G or S? % Correct
Horton Hears A Who!???
94.7%
Green Eggs and Ham???
94.6%
The Cat in the Hat???
94.5%
The Lorax???
94.4%
How the Grinch Stole Christmas!???
94.3%
One Fish Two Fish Red Fish Blue Fish???
93.2%
Jack and Jill???
92.3%
Three Blind Mice???
92.3%
The Itsy Bitsy Spider???
92.2%
Little Bo-Peep???
92.1%
Baa, Baa, Black Sheep???
91.9%
Hickory, Dickory, Dock???
91.3%
Humpty Dumpty???
91.3%
There's a Wocket in My Pocket???
90.4%
My Maid Mary???
89.1%
Title G or S? % Correct
Fox in Socks???
88.6%
Hop on Pop???
88.4%
Diddle Diddle Dumpling???
86.2%
The Cat and the Fiddle???
86.1%
Yertle the Turtle???
86%
Georgy Porgy???
85.9%
One, Two, Buckle My Shoe???
82.5%
Mr. Brown Can Moo! Can You????
80.4%
Pussy-Cat Mew???
80.4%
A Tisket, A Tasket???
80.1%
Hunches in Bunches???
73.1%
Bartholomew and the Oobleck???
71.5%
My, Oh My--A Butterfly!???
57.8%
Sippity Sup???
50.5%
The King’s Stilts???
29.1%

You're not logged in!

Compare scores with friends on all Sporcle quizzes.
Join for Free
OR
Log In

You Might Also Like...

Show Comments

Extras

Top Quizzes Today


Score Distribution

Your Account Isn't Verified!

In order to create a playlist on Sporcle, you need to verify the email address you used during registration. Go to your Sporcle Settings to finish the process.

Report this User

Report this user for behavior that violates our Community Guidelines.

Details: